Представление документа в формате RUSMARC

ПолеНазваниеЗначение
  Тип записи a
  Библиографический уровень m
001 Контрольный номер UONB/MAIN/d55c8b286a374cd6b1a2a9f14bd1b95c
005 Дата корректировки 20260409135713.1
010 Индекс ISBN __
b Уточнения в пер.
d Цена 1 р. 2 к.
9 Тираж 10000 экз.
100 Данные общей обработки __
a Данные общей обработки 20260409d1969 u y0rusy0189 ca
101 Язык документа 0_
a Язык текста rus
102 Страна публикации __
a Страна публикации RU
105 Кодированные данные (монография) __
a Кодированные данные (монография) y z 001yy
200 Заглавие и сведения об ответственности 1_
a Заглавие Два века русского искусства
f Первые сведения об ответственности А. М. Эфрос
g Последующие сведения об ответственности предисловие Т. Алексеевой
203 Вид содержания и тип средства __
a Вид содержания Текст
b Характеристика содержания визуальный
c Тип средства непосредственный
210 Выходные данные 1_
a Место издания Москва
c Издательство Искусство
d Дата издания 1969
215 Физическое описание __
a Объем 302 с.
d Формат 17 см
320 Библиография __
a Библиография Указ.: с. 271-302 / составитель М. В. Толмачев
606 Тематические рубрики 0_
a Основная рубрика Русское изобразительное искусство
z Хронологическая подрубрика 18-19 вв.
610 Ключевые слова 0_
a Ключевые слова искусство русское изобразительное; искусство изобразительное 18-19 вв.
686 Индексы других классификаций __
a Классификационный индекс 85.103(2Р=Рус)4
2 Код системы rubbk
700 Автор _1
a Фамилия Эфрос
b Имя (инициалы) А. М.
g Полное личное имя Абрам Маркович
702 Вторичная интеллектуальная ответственность _1
a Фамилия Алексеева
b Имя (инициалы) Т.
4 Код отношения 080
702 Вторичная интеллектуальная ответственность _1
a Фамилия Толмачев
b Имя (инициалы) М. В.
4 Код отношения 570
801 Источник записи _0
a Страна RU
b Организация Ульяновская ОНБ
c Дата составления 20260409
g Правила каталогизации RCR
801 Источник записи _1
a Страна RU
b Организация Ульяновская ОНБ
c Дата составления 20260409
g Правила каталогизации RCR
901 Тип документа __
t Тип документа m
909 Создатель записи __
a Создатель записи Борисова И. А.
b Дата создания записи 20260409